| 000 | 01092cam a22003014a 4500 | ||
|---|---|---|---|
| 001 | 12027294 | ||
| 003 | OSt | ||
| 005 | 20160610150952.0 | ||
| 008 | 000601s2000 vaua b 001 0 eng | ||
| 010 | _a 00009790 | ||
| 020 | _a9780871203830 (alk. paper) | ||
| 040 |
_aDLC _cDLC _dDLC |
||
| 042 | _apcc | ||
| 043 | _an-us--- | ||
| 050 | 0 | 0 |
_aLB 3060.37 _b.M27 2000 |
| 082 | 0 | 0 |
_aGLT 371.27 _bM36 2000 |
| 100 | 1 |
_aMarzano, Robert J. _922370 |
|
| 245 | 1 | 0 |
_aTransforming classroom grading / _cRobert J. Marzano. |
| 260 |
_aAlexandria, Va. : _bAssociation for Supervision and Curriculum Development, _c2000. |
||
| 300 |
_a147 p. : _bill. ; _c25 cm. |
||
| 500 | _aIncludes bibliographical references (p. 135-142) and index. | ||
| 650 | 0 |
_aGrading and marking (Students) _zUnited States. _922620 |
|
| 650 | 0 |
_aSchool reports _zUnited States. _922621 |
|
| 906 |
_a7 _bcbc _corignew _d1 _eecip _f20 _gy-gencatlg |
||
| 942 |
_2lcc _cBK |
||
| 999 |
_c12584 _d12584 |
||